| 000 | 00630nam a2200181Ia 4500 | ||
|---|---|---|---|
| 008 | 090711s9999 xx 000 0 und d | ||
| 082 | _b2899 | ||
| 100 | _aिSाटणीस ग. य. | ||
| 245 | _aगांधीवादाSो समर्थन | ||
| 260 |
_bयुगवाणी प्रकाशन _c1950 |
||
| 300 | _a38 | ||
| 600 | _aिSाटणीस ग. य. | ||
| 630 | _aगांधीवादाSो समर्थन | ||
| 700 | _aिSाटणीस ग. य. | ||
| 700 | _aकर्णिक द्वा. भ. | ||
| 730 | _aगांधीवादाSो समर्थन | ||
| 942 | _cBOOK | ||
| 999 |
_c284391 _d284391 |
||